[Event "White Rook U14 Final 2019"]
[Site "Sochi"]
[Date "2019.06.06"]
[Round "5.13"]
[White "Sizov, Lev"]
[Black "Novoselov, Danil"]
[Result "1-0"]
[WhiteElo "1692"]
[BlackElo "1723"]
[Annotator "NA RC"]
[PlyCount "79"]
[EventDate "2019.06.02"]
[EventCountry "RUS"]
[SourceTitle "playchess.com"]
[Source "ChessBase"]
[SourceQuality "1"]
[TimeControl "5400+30"]

1. d4 {[%emt 0:00:00]} Nf6 {[%emt 0:00:00]} 2. c4 {[%emt 0:00:00]} c5 {[%emt 0:00:00]} 3. d5 {[%emt 0:00:00]} e6 {[%emt 0:00:00]} 4. Nc3 {[%emt 0:00:00]} exd5 {[%emt 0:00:00]} 5. cxd5 {[%emt 0:00:00]} d6 {[%emt 0:00:00]} 6. e4 {[%emt 0:00:00]} g6 {[%emt 0:00:00]} 7. h3 {[%emt 0:00:14]} Bg7 {[%emt 0:00:00]} 8. Nf3 {[%emt 0:00:00]} O-O {[%emt 0:00:00]} 9. Bd3 {[%emt 0:00:00]} a6 {[%emt 0:00:00]} 10. a4 {[%emt 0:00:00]} Re8 {[%emt 0:00:42]} 11. O-O {[%emt 0:00:00]} Nbd7 {[%emt 0:00:56]} 12. Bf4 {[%emt 0:00:09]} Qc7 {[%emt 0:01:37]} 13. Re1 {[%emt 0:06:08]} Nh5 {[%emt 0:00:38]} 14. Bh2 {[%emt 0:00:18]} Ne5 {[%emt 0:00:34]} 15. Nxe5 {[%emt 0:00:24]} Bxe5 {[%emt 0:00:01]} 16. Bxe5 {[%emt 0:00:19]} Rxe5 {[%emt 0:00:08]} 17. Qd2 {[%emt 0:01:16]} Bd7 {[%emt 0:04:43]} 18. f4 {[%emt 0:14:49]} Ree8 {[%emt 0:00:00]} 19. b3 {[%emt 0:01:49]} Ng7 {[%emt 0:00:53]} 20. a5 {[%emt 0:03:47]} b5 {[%emt 0:03:49]} 21. axb6 {[%emt 0:01:11]} Qxb6 {[%emt 0:00:01]} 22. Bc4 {[%emt 0:01:01]} Bb5 {[%emt 0:02:55]} 23. Qd3 {[%emt 0:02:44]} Nh5 {[%emt 0:10:17]} 24. Bxb5 {[%emt 0:19:39]} axb5 {[%emt 0:02:21]} 25. Qxb5 {[%emt 0:05:18]} Qxb5 {[%emt 0:02:44]} 26. Nxb5 {[%emt 0:01:29]} Rxa1 {[%emt 0:00:04]} 27. Rxa1 {[%emt 0:00:00]} Rxe4 {[%emt 0:03:00]} 28. Nxd6 {[%emt 0:01:09]} Rd4 {[%emt 0:01:24]} 29. Ra8+ {[%emt 0:07:02]} Kg7 {[%emt 0:00:12]} 30. Ne8+ {[%emt 0:04:40]} Kh6 {[%emt 0:05:43]} 31. d6 {[%emt 0:09:09]} Nxf4 {[%emt 0:25:56]} 32. Ra7 {[%emt 0:00:40]} g5 {[%emt 0:08:49]} 33. Rxf7 {[%emt 0:04:05]} Rd1+ {[%emt 0:01:11]} 34. Kf2 {[%emt 0:01:03]} Rd2+ {[%emt 0:00:16]} 35. Kf3 {[%emt 0:05:52]} Ng6 {[%emt 0:03:52]} 36. Ke3 {[%emt 0:01:57]} Rd1 {[%emt 0:01:30]} 37. d7 {[%emt 0:01:04]} Ne5 {[%emt 0:02:46]} 38. Rf6+ {[%emt 0:00:24]} Kh5 {[%emt 0:00:03]} 39. Ng7+ {[%emt 0:00:11]} Kh4 {[%emt 0:00:01]} 40. Nf5+ {[%emt 0:00:01]} 1-0

[Event "White Rook U14 Final 2019"]
[Site "Sochi"]
[Date "2019.06.06"]
[Round "5.14"]
[White "Shmarov, Mikhail"]
[Black "Komissarova, Soigina"]
[Result "0-1"]
[WhiteElo "1724"]
[BlackElo "1665"]
[Annotator "NA RC"]
[PlyCount "138"]
[EventDate "2019.06.02"]
[EventCountry "RUS"]
[SourceTitle "playchess.com"]
[Source "ChessBase"]
[SourceQuality "1"]
[TimeControl "5400+30"]

1. e4 {[%emt 0:00:00]} c5 {[%emt 0:00:00]} 2. Nc3 {[%emt 0:00:00]} e6 {[%emt 0:00:07]} 3. g3 {[%emt 0:00:00]} Nc6 {[%emt 0:01:45]} 4. Bg2 {[%emt 0:00:08]} a6 {[%emt 0:00:12]} 5. a4 {[%emt 0:01:26]} g6 {[%emt 0:00:44]} 6. Nge2 {[%emt 0:00:33]} Bg7 {[%emt 0:00:36]} 7. d3 {[%emt 0:01:11]} Rb8 {[%emt 0:04:17]} 8. O-O {[%emt 0:02:57]} Nge7 {[%emt 0:00:53]} 9. Be3 {[%emt 0:00:51]} d6 {[%emt 0:01:53]} 10. Qd2 {[%emt 0:00:20]} O-O {[%emt 0:01:52]} 11. Bh6 {[%emt 0:04:15]} b5 {[%emt 0:01:12]} 12. Bxg7 {[%emt 0:01:14]} Kxg7 {[%emt 0:00:22]} 13. b3 {[%emt 0:00:43]} b4 {[%emt 0:04:27]} 14. Nd1 {[%emt 0:00:59]} d5 {[%emt 0:03:10]} 15. Ne3 {[%emt 0:00:55]} dxe4 {[%emt 0:06:23]} 16. Bxe4 {[%emt 0:00:16]} f5 {[%emt 0:02:45]} 17. Bg2 {[%emt 0:00:11]} e5 {[%emt 0:01:15]} 18. Nc4 {[%emt 0:00:33]} Be6 {[%emt 0:01:07]} 19. Qe3 {[%emt 0:00:52]} Bxc4 {[%emt 0:18:52]} 20. dxc4 {[%emt 0:00:39]} Qb6 {[%emt 0:00:35]} 21. Nc1 {[%emt 0:01:24]} f4 {[%emt 0:02:27]} 22. gxf4 {[%emt 0:01:26]} exf4 {[%emt 0:00:18]} 23. Qe4 {[%emt 0:01:14]} Qc7 {[%emt 0:04:43]} 24. Re1 {[%emt 0:00:47]} Rbe8 {[%emt 0:00:26]} 25. Ne2 {[%emt 0:05:25]} Nd8 {[%emt 0:03:05]} 26. Rad1 {[%emt 0:07:04]} Nec6 {[%emt 0:00:46]} 27. Qd5 {[%emt 0:02:00]} Ne5 {[%emt 0:11:04]} 28. Nc1 {[%emt 0:02:54]} f3 {[%emt 0:01:45]} 29. Bh3 {[%emt 0:00:34]} Ndf7 {[%emt 0:05:17]} 30. Nd3 {[%emt 0:04:09]} Nxd3 {[%emt 0:07:20]} 31. cxd3 {[%emt 0:09:06]} Rd8 {[%emt 0:03:45]} 32. Qe4 {[%emt 0:02:59]} Ng5 {[%emt 0:02:32]} 33. Qh4 {[%emt 0:00:12]} h6 {[%emt 0:01:11]} 34. Bf1 {[%emt 0:01:07]} Rd4 {[%emt 0:00:54]} 35. Qg3 {[%emt 0:00:10]} Rff4 {[%emt 0:00:32]} 36. Kh1 {[%emt 0:00:09]} Qd7 {[%emt 0:02:27]} 37. Re3 {[%emt 0:01:04]} Ne4 {[%emt 0:02:59]} 38. Rxe4 {[%emt 0:03:19]} Rdxe4 {[%emt 0:00:55]} 39. Bh3 {[%emt 0:00:03]} Qd6 {[%emt 0:00:49]} 40. Qg1 {[%emt 0:01:37]} Rd4 {[%emt 0:00:21]} 41. Re1 {[%emt 0:01:07]} Rf6 {[%emt 0:00:02]} 42. Bf1 {[%emt 0:03:10]} Rh4 {[%emt 0:01:02]} 43. Qg3 {[%emt 0:00:45]} Qxg3 {[%emt 0:00:38]} 44. fxg3 {[%emt 0:00:01]} Rh5 {[%emt 0:00:53]} 45. Re4 {[%emt 0:00:45]} Rhf5 {[%emt 0:00:36]} 46. Kg1 {[%emt 0:01:01]} f2+ {[%emt 0:00:05]} 47. Kg2 {[%emt 0:00:10]} g5 {[%emt 0:00:33]} 48. a5 {[%emt 0:00:54]} Kf7 {[%emt 0:00:18]} 49. Re2 {[%emt 0:00:27]} h5 {[%emt 0:01:36]} 50. Rd2 {[%emt 0:00:31]} g4 {[%emt 0:01:25]} 51. Re2 {[%emt 0:00:02]} Rf3 {[%emt 0:01:07]} 52. Re5 {[%emt 0:00:12]} R6f5 {[%emt 0:00:00]} 53. Re4 {[%emt 0:00:01]} Rf6 {[%emt 0:00:44]} 54. Re5 {[%emt 0:00:01]} R3f5 {[%emt 0:00:11]} 55. Re4 {[%emt 0:00:05]} Rd6 {[%emt 0:00:40]} 56. h4 {[%emt 0:00:27]} Re6 {[%emt 0:00:00]} 57. Rf4 {[%emt 0:00:23]} Rxf4 {[%emt 0:00:19]} 58. gxf4 {[%emt 0:00:01]} Re3 {[%emt 0:00:16]} 59. Kxf2 {[%emt 0:00:10]} Rf3+ {[%emt 0:00:05]} 60. Kg2 {[%emt 0:00:03]} Rxf4 {[%emt 0:00:08]} 61. Be2 {[%emt 0:00:01]} Kf6 {[%emt 0:00:19]} 62. Kg3 {[%emt 0:00:01]} Rf5 {[%emt 0:00:22]} 63. Kg2 {[%emt 0:00:03]} Ke5 {[%emt 0:00:09]} 64. Kg3 {[%emt 0:01:00]} Kd4 {[%emt 0:00:05]} 65. Bxg4 {[%emt 0:00:01]} hxg4 {[%emt 0:00:15]} 66. Kxg4 {[%emt 0:00:31]} Rf1 {[%emt 0:00:16]} 67. h5 {[%emt 0:00:00]} Rh1 {[%emt 0:00:10]} 68. Kf5 {[%emt 0:00:00]} Rxh5+ {[%emt 0:00:08]} 69. Ke6 {[%emt 0:00:00]} Rh6+ {[%emt 0:00:24]} 0-1

[Event "White Rook U14 Final 2019"]
[Site "Sochi"]
[Date "2019.06.06"]
[Round "5.15"]
[White "Zhambalov, Bator"]
[Black "Lotcmanov, Aleksandr"]
[Result "1-0"]
[WhiteElo "1865"]
[BlackElo "1326"]
[Annotator "NA RC"]
[PlyCount "103"]
[EventDate "2019.06.02"]
[EventCountry "RUS"]
[SourceTitle "playchess.com"]
[Source "ChessBase"]
[SourceQuality "1"]
[TimeControl "5400+30"]

1. e4 {[%emt 0:00:00]} e5 {[%emt 0:00:00]} 2. Nf3 {[%emt 0:00:16]} d6 {[%emt 0:00:23]} 3. Bc4 {[%emt 0:00:25]} Be7 {[%emt 0:00:32]} 4. d3 {[%emt 0:00:09]} Nf6 {[%emt 0:00:24]} 5. Bg5 {[%emt 0:00:08]} (5. O-O O-O 6. Re1 Nc6 7. a4 Bg4 8. h3 Bh5 9. Nbd2 Nd4 10. g4 Nxf3+ 11. Qxf3 Bg6 12. Qg3 d5 13. exd5 Nxd5 14. Nf3 f6 15. Nxe5 fxe5 16. Qxe5 Bf7 17. Bxd5 Bxd5 18. Qxe7 Rf3 19. Qxd8+ Rxd8 20. Re5 Rxh3 21. Rh5 {½-½ (21) Wei,Y (2725)-Bu,X (2711) Ho Chi Minh City 2017}) 5... O-O {[%emt 0:00:16]} 6. Nbd2 {[%emt 0:00:08] C24: Bishop's Opening: 2...Nf6} h6 {[%emt 0:00:25]} 7. Bh4 {[%emt 0:00:08]} Nc6 {[%emt 0:00:49]} 8. h3 {[%emt 0:00:08]} Bd7 {[%emt 0:00:23]} 9. O-O {[%emt 0:00:08]} a6 $146 {[%emt 0:01:20]} ({Predecessor:} 9... Nh5 10. Nh2 Bxh4 11. Qxh5 Qg5 12. Qxg5 Bxg5 13. Ndf3 Bf4 14. Ng4 Bxg4 15. hxg4 {1-0 (76) Feige,A (795)-Adelmeyer,N (1086) Willingen 2016}) 10. c3 {[%emt 0:05:19]} b5 {[%emt 0:06:09]} 11. Bb3 {[%emt 0:00:33]} Na5 {[%emt 0:03:04]} 12. d4 {[%emt 0:02:01]} Nxb3 {[%emt 0:02:08]} 13. axb3 {[%emt 0:00:32]} exd4 {[%emt 0:01:36]} 14. Nxd4 {[%emt 0:00:24]} Re8 {[%emt 0:01:45]} 15. Re1 {[%emt 0:00:16]} c5 {[%emt 0:01:43]} 16. N4f3 {[%emt 0:00:49]} Nh7 {[%emt 0:05:12]} 17. Bxe7 {[%emt 0:01:28]} Rxe7 {[%emt 0:04:07]} 18. c4 {[%emt 0:00:48]} Bc6 {[%emt 0:03:55]} 19. Qc2 {[%emt 0:01:12]} b4 {[%emt 0:03:04]} 20. e5 {[%emt 0:01:45]} dxe5 {[%emt 0:01:53]} 21. Rxe5 {[%emt 0:00:40]} Rxe5 {[%emt 0:00:24]} 22. Nxe5 {[%emt 0:00:08]} Bb7 {[%emt 0:13:26]} 23. Rd1 {[%emt 0:09:09]} Qf6 {[%emt 0:04:13]} 24. Nd3 {[%emt 0:16:49]} Qg6 {[%emt 0:01:27]} 25. Ne1 {[%emt 0:00:47]} Qc6 {[%emt 0:03:07]} 26. Ndf3 {[%emt 0:05:18]} Re8 {[%emt 0:00:31]} 27. Qf5 {[%emt 0:01:38]} Ng5 {[%emt 0:03:56]} 28. h4 {[%emt 0:04:35]} Ne6 $2 {[%emt 0:04:39]} (28... Qe6 $11 29. Qxc5 Nxf3+ 30. Nxf3 Bxf3 31. gxf3 Qh3 32. Qxb4 Qxf3) 29. Ne5 $1 {[%emt 0:00:55] Double Attack} Qc8 {[%emt 0:12:17]} 30. Qxf7+ {[%emt 0:01:15]} Kh8 {[%emt 0:01:01]} 31. Rd7 {[%emt 0:03:25]} Be4 {[%emt 0:04:30]} 32. f4 {[%emt 0:06:54]} Rf8 {[%emt 0:09:30]} 33. Qxe6 {[%emt 0:00:54]} Bf5 {[%emt 0:00:20]} 34. Qd5 {[%emt 0:00:38]} Bxd7 {[%emt 0:01:07]} 35. Ng6+ {[%emt 0:00:35]} Kh7 {[%emt 0:00:08]} 36. Nxf8+ {[%emt 0:00:21]} Qxf8 {[%emt 0:00:04]} 37. Qxd7 {[%emt 0:00:17]} Qxf4 {[%emt 0:00:13]} 38. Qd3+ {[%emt 0:00:26]} Kh8 {[%emt 0:00:08]} 39. Nf3 {[%emt 0:01:00]} Qc1+ {[%emt 0:00:18]} 40. Kh2 {[%emt 0:00:08]} Qxb2 {[%emt 0:00:09]} 41. h5 {[%emt 0:00:25]} Qf6 {[%emt 0:00:36]} 42. Qe4 {[%emt 0:01:04]} Qd6+ {[%emt 0:00:57]} 43. Qe5 {[%emt 0:00:08]} Qf8 {[%emt 0:00:45]} 44. Nh4 {[%emt 0:00:16]} Qc8 {[%emt 0:00:33] [#]} 45. Ng6+ $18 {[%emt 0:00:24]} (45. Nf5 $142 $1 {[%csl Gf5][%cal Re5g7]} Qf8 46. Ne7) 45... Kh7 {[%emt 0:00:12]} 46. Ne7 {[%emt 0:00:28]} Qd8 {[%emt 0:00:58]} 47. Ng6 {[%emt 0:04:58]} Qc8 {[%emt 0:00:28]} 48. Qe7 {[%emt 0:00:29]} Qb8+ {[%emt 0:01:19]} 49. g3 {[%emt 0:00:06]} Kg8 {[%emt 0:00:30]} 50. Qe6+ {[%emt 0:00:21]} Kh7 {[%emt 0:00:18]} 51. Qf7 {[%emt 0:00:19]} Qd6 {[%emt 0:02:00]} 52. Qe8 {[%emt 0:00:45]} 1-0

[Event "White Rook U14 Final 2019"]
[Site "Sochi"]
[Date "2019.06.06"]
[Round "5.16"]
[White "Nasyrova, Ekaterina"]
[Black "Sargaeva, Darima"]
[Result "1/2-1/2"]
[WhiteElo "2148"]
[BlackElo "1506"]
[Annotator "TA"]
[PlyCount "108"]
[EventDate "2019.06.02"]
[EventCountry "RUS"]
[SourceTitle "playchess.com"]
[Source "ChessBase"]
[SourceQuality "1"]

{[%evp 9,108,39,57,48,66,50,63,57,68,40,32,-7,20,27,43,-27,40,51,59,48,100,85,334,329,345,343,350,354,334,242,282,264,391,290,289,288,328,253,317,221,212,218,207,200,241,128,128,123,202,129,208,202,307,227,168,83,84,59,112,112,112,103,121,9,7,0,0,0,0,-18,-17,-30,-7,-18,-8,-14,0,-7,0,-10,0,0,0,0,0,-43,-12,-78,-78,-80,-80,-86,-89,-86,-85,-66,-8,-26,-26,-31,-27]} 1. Nf3 c5 2. c4 Nf6 3. Nc3 g6 4. d4 cxd4 5. Nxd4 b6 (5... Bg7 6. e4 d6 7. Be2 O-O 8. O-O Nc6 9. Be3 Bd7 10. Qd2 a5 11. Ndb5 a4 12. f3 Qa5 13. Rab1 Rfc8 14. b3 axb3 15. axb3 Be6 16. f4 Bg4 17. Bd3 Bd7 18. Kh1 Nb4 {½-½ (87) Sargissian,G (2689)-Sindarov,J (2505) Sharjah 2019}) 6. e4 {A31: Symmetrical English: 2 Nf3 Nf6 3 d4} d6 7. Bg5 Bg7 8. Be2 {White is slightly better.} O-O 9. h4 $146 ({Predecessor:} 9. O-O Bb7 10. Qd3 Na6 11. f3 h6 12. Be3 Nc5 {½-½ (50) Pons Gutierrez,V-Crespo Calatayud,S Valencia 2004}) 9... Bb7 10. Nd5 Nbd7 11. h5 $36 {[%mdl 2048] Black is under pressure.} e6 12. Nxf6+ (12. hxg6 $14 exd5 13. gxh7+ Kh8 14. Nf5 (14. exd5 Qe8 $15)) 12... Nxf6 (12... Bxf6 $11 13. Bh6 Nc5) 13. hxg6 $14 hxg6 14. f3 Qd7 {[#]} (14... Rc8 $14) 15. Qd2 $1 $16 Qd8 $2 (15... Nh5 $16) 16. Nb5 $18 Qb8 17. Bh6 {Threatens to win with Bxg7.} ({Much less strong is} 17. Nxd6 Nh5 $18) 17... Bh8 18. Bxf8 ({Less strong is} 18. Qxd6 Rd8 $16) 18... Qxf8 19. Qxd6 Qxd6 20. Nxd6 Ba6 (20... Bc6 $142 21. Rxh8+ {[%mdl 64] Deflection} Kxh8 22. Nxf7+ Kg7) 21. O-O-O Nh5 22. Rhe1 Be5 23. Kc2 Bg3 24. b4 Nf4 25. Bf1 Bxe1 26. Rxe1 e5 27. Rd1 (27. b5 $18) 27... Ne6 $16 28. Rd5 f6 (28... Rd8 $16 {keeps fighting.} 29. b5 Bc8) 29. Kc3 Nf4 (29... Kf8 $16 {was necessary.}) 30. Rd2 $18 Kf8 (30... Ne6 $142 31. b5 Bc8 32. Nxc8 Rxc8) 31. g3 Ne6 32. Rd5 (32. b5 $18 {has better winning chances.} Bc8 33. Rh2) 32... Ke7 $16 33. a4 Rd8 (33... Rh8 $14) 34. Nb5 Bxb5 35. axb5 {[%mdl 4096] Endgame KRB-KRN} ({Much worse is} 35. cxb5 $6 Rh8 $11) 35... Rh8 36. Rd2 ({White should play} 36. c5 $16) 36... Rh1 $1 $11 {[%cal Rh1f1]} 37. Bg2 Ra1 38. Kb2 Re1 39. Kc2 Nd4+ 40. Kd3 Rb1 {[%cal Rb1b3]} 41. Ra2 Rb3+ 42. Kd2 Rxb4 43. Rxa7+ Kd6 {And now ...Rb2+ would win.} 44. Bf1 Nxf3+ 45. Kc3 $1 {[%cal Rc3b4]} Rb1 46. Bd3 Rc1+ 47. Kb2 Rg1 {Strongly threatening ...Ne1.} (47... Re1 $5 {[%cal Re1e3]}) 48. Rf7 {[#]} (48. Rb7 $11 {keeps the balance.}) 48... Ne1 $1 $17 {[%cal Re1d3]} 49. Bb1 Rxg3 50. Rxf6+ Kc5 51. Rc6+ Kb4 {Hoping for ...Nf3.} 52. Rxb6 Kxc4 (52... Nf3 $15 53. Ra6 Rg2+ 54. Ka1 Nd4) 53. Re6 Rb3+ 54. Kc1 {Ba2 is the strong threat.} Rxb5 {Accuracy: White = 50%, Black = 39%.} 1/2-1/2

[Event "White Rook U14 Final 2019"]
[Site "Sochi"]
[Date "2019.06.06"]
[Round "5.17"]
[White "Hrbek, Stepan"]
[Black "Abrazevich, Yauheni"]
[Result "0-1"]
[WhiteElo "2013"]
[BlackElo "1888"]
[Annotator "NA RC"]
[PlyCount "74"]
[EventDate "2019.06.02"]
[EventCountry "RUS"]
[SourceTitle "playchess.com"]
[Source "ChessBase"]
[SourceQuality "1"]
[TimeControl "5400+30"]

1. d4 {[%emt 0:00:00]} g6 {[%emt 0:00:00]} 2. e4 {[%emt 0:00:00]} Bg7 {[%emt 0:00:00]} 3. Nf3 {[%emt 0:00:00]} d6 {[%emt 0:00:00]} 4. Bc4 {[%emt 0:00:05]} Nf6 {[%emt 0:00:02]} 5. Qe2 {[%emt 0:00:24]} O-O {[%emt 0:01:20]} 6. O-O {[%emt 0:00:33]} Nc6 {[%emt 0:00:35]} 7. c3 {[%emt 0:04:54]} e5 {[%emt 0:04:57] B06: Modern Defence} 8. dxe5 {[%emt 0:14:17]} dxe5 {[%emt 0:02:56]} 9. h3 {[%emt 0:02:41]} (9. Na3 Nh5 10. Bg5 Bf6 11. Bh6 Re8 12. Qe3 Qe7 13. Rad1 Be6 14. Bd5 Nd8 15. Ng5 Bxg5 16. Bxg5 {½-½ (58) Potapov,P (2479)-Bocharov,D (2585) Sochi 2017}) 9... h6 {[%emt 0:02:14]} 10. b3 $146 {[%emt 0:03:47]} ({Predecessor:} 10. b4 Nh5 11. Rd1 Qf6 12. Nh2 Nf4 13. Qf3 Be6 14. Bb5 {0-1 (25) Van der Put,F (2258)-Nezirovic,O (2013) Sarajevo 2017}) 10... Nh5 {[%emt 0:03:54]} 11. Ba3 {[%emt 0:15:27]} Re8 {[%emt 0:00:41]} 12. Nbd2 {[%emt 0:11:59]} Nf4 {[%emt 0:04:01]} 13. Qe3 {[%emt 0:00:16]} Be6 {[%emt 0:01:19]} ({Black should try} 13... h5 $15) 14. h4 {[%emt 0:04:59]} ({White should try} 14. Bxe6 $11 Nxe6 15. Rfd1) 14... Qf6 {[%emt 0:14:34]} 15. g3 {[%emt 0:02:23]} Nh5 {[%emt 0:01:42]} 16. Kg2 {[%emt 0:01:52]} Kh7 {[%emt 0:03:21]} (16... Bxc4 $15 17. Nxc4 Qe6) 17. Bxe6 {[%emt 0:10:57]} Qxe6 {[%emt 0:01:19]} 18. Nc4 {[%emt 0:01:44]} (18. Qe2 $11) 18... f5 {[%emt 0:02:54]} 19. Qe2 {[%emt 0:02:08]} fxe4 {[%emt 0:03:28]} 20. Nfd2 {[%emt 0:09:52]} ({Better is} 20. Qxe4 Nf6 21. Qc2) 20... b5 {[%emt 0:05:45]} 21. Nb2 {[%emt 0:00:30] [#]} Nf4+ $1 {[%emt 0:01:07]} 22. gxf4 {[%emt 0:00:04]} exf4 {[%emt 0:00:06]} 23. f3 {[%emt 0:00:07]} (23. Nxe4 $17 {was called for.} Qxe4+ 24. Qxe4 Rxe4 25. Rae1 f3+ {[%mdl 64] Discovered Attack} 26. Kxf3 Rxh4 27. Kg3) 23... b4 {[%emt 0:00:05]} ({Weaker is} 23... Bxc3 24. Nxe4 b4 25. Rac1 $14) (23... exf3+ $19 24. Qxf3 b4) 24. cxb4 {[%emt 0:06:17]} Nd4 {[%emt 0:05:30]} 25. Qxe4 {[%emt 0:02:41]} Qf6 {[%emt 0:00:52]} 26. Qd3 {[%emt 0:00:43]} Re3 {[%emt 0:01:18]} 27. Ne4 {[%emt 0:01:30]} Qxh4 {[%emt 0:00:22]} 28. Rh1 {[%emt 0:00:07]} Qe7 {[%emt 0:00:00]} 29. Qc4 {[%emt 0:01:25]} Nxf3 {[%emt 0:01:11]} 30. Raf1 {[%emt 0:02:11]} Rxe4 {[%emt 0:01:36]} 31. Rxf3 {[%emt 0:00:33]} Rxc4 {[%emt 0:00:21]} 32. Nxc4 {[%emt 0:00:03]} Qe2+ {[%emt 0:00:05]} 33. Rf2 {[%emt 0:00:06]} Qg4+ {[%emt 0:00:18]} 34. Kf1 {[%emt 0:00:03]} Rd8 {[%emt 0:00:17]} 35. Nd2 {[%emt 0:01:53]} Bd4 {[%emt 0:01:28]} 36. Re2 {[%emt 0:00:54]} Be3 {[%emt 0:00:57]} 37. Ke1 {[%emt 0:00:33]} Bxd2+ {[%emt 0:00:33]} 0-1

[Event "White Rook U14 Final 2019"]
[Site "Sochi"]
[Date "2019.06.06"]
[Round "5.18"]
[White "Dyl, Nikita"]
[Black "Soucek, Jan"]
[Result "1-0"]
[WhiteElo "1646"]
[BlackElo "1543"]
[Annotator "NA RC"]
[PlyCount "51"]
[EventDate "2019.06.02"]
[EventCountry "RUS"]
[SourceTitle "playchess.com"]
[Source "ChessBase"]
[SourceQuality "1"]
[TimeControl "5400+30"]

1. d4 {[%emt 0:00:00]} d5 {[%emt 0:00:00]} 2. c4 {[%emt 0:00:00]} c6 {[%emt 0:00:00]} 3. Nc3 {[%emt 0:00:00]} Nf6 {[%emt 0:00:00]} 4. Nf3 {[%emt 0:00:00]} e6 {[%emt 0:00:24]} 5. Bg5 {[%emt 0:00:00]} h6 {[%emt 0:00:28]} 6. Bh4 {[%emt 0:02:06]} dxc4 {[%emt 0:13:58]} 7. e3 {[%emt 0:20:58]} b5 {[%emt 0:11:54]} 8. a4 {[%emt 0:00:32]} Bb4 {[%emt 0:00:20]} 9. Be2 {[%emt 0:09:15]} Bb7 {[%emt 0:01:58]} 10. O-O {[%emt 0:00:32]} a6 {[%emt 0:01:21]} 11. e4 {[%emt 0:11:53]} Be7 {[%emt 0:06:38]} 12. e5 {[%emt 0:00:41]} Nd5 {[%emt 0:08:27]} 13. Bxe7 {[%emt 0:00:33]} Nxe7 {[%emt 0:00:49]} 14. Ne4 {[%emt 0:00:15]} Nc8 {[%emt 0:01:01]} 15. Nc5 {[%emt 0:01:07]} Qc7 {[%emt 0:01:11]} 16. Nd2 {[%emt 0:00:17]} O-O {[%emt 0:02:50]} 17. Nde4 {[%emt 0:00:53]} Rd8 {[%emt 0:08:56]} 18. Bh5 {[%emt 0:02:53]} Ra7 {[%emt 0:05:26]} 19. Ra3 {[%emt 0:00:28]} Nd7 {[%emt 0:01:09]} 20. Bxf7+ {[%emt 0:05:51]} Kxf7 {[%emt 0:02:39]} 21. Qh5+ {[%emt 0:00:52]} Ke7 {[%emt 0:13:59]} 22. Qg6 {[%emt 0:03:56]} Rf8 {[%emt 0:03:39]} 23. Nxe6 {[%emt 0:01:14]} Nxe5 {[%emt 0:04:33]} 24. dxe5 {[%emt 0:02:00]} Qxe5 {[%emt 0:00:19]} 25. Nxf8 {[%emt 0:00:27]} Kxf8 {[%emt 0:02:24]} 26. Rf3+ {[%emt 0:00:29]} 1-0

[Event "White Rook U14 Final 2019"]
[Site "Sochi"]
[Date "2019.06.06"]
[Round "5.19"]
[White "Hrbek, Jachym"]
[Black "Zaiko, Stanislav"]
[Result "0-1"]
[WhiteElo "1394"]
[BlackElo "1176"]
[Annotator "NA RC"]
[PlyCount "66"]
[EventDate "2019.06.02"]
[EventCountry "RUS"]
[SourceTitle "playchess.com"]
[Source "ChessBase"]
[SourceQuality "1"]
[TimeControl "5400+30"]

1. Nf3 {[%emt 0:00:00]} d5 {[%emt 0:00:00]} 2. g3 {[%emt 0:00:00]} Nf6 {[%emt 0:00:00]} 3. Bg2 {[%emt 0:00:17]} g6 {[%emt 0:00:50]} 4. O-O {[%emt 0:01:59]} Bg7 {[%emt 0:00:03]} 5. c4 {[%emt 0:03:16]} d4 {[%emt 0:11:15]} 6. e3 {[%emt 0:05:04]} c5 {[%emt 0:08:54]} 7. exd4 {[%emt 0:03:29]} cxd4 {[%emt 0:00:04]} 8. d3 {[%emt 0:00:06]} O-O {[%emt 0:00:21]} 9. Na3 {[%emt 0:02:50]} Nc6 {[%emt 0:01:06]} 10. Nc2 {[%emt 0:02:52]} e5 {[%emt 0:01:00]} 11. Re1 {[%emt 0:05:39]} Re8 {[%emt 0:00:23]} 12. b4 {[%emt 0:08:15]} Qc7 {[%emt 0:02:24]} 13. Bg5 {[%emt 0:04:18]} h6 {[%emt 0:00:15]} 14. Bxf6 {[%emt 0:00:57]} Bxf6 {[%emt 0:00:02]} 15. Nfxd4 {[%emt 0:00:31]} Bd7 {[%emt 0:04:03]} 16. Nb3 {[%emt 0:05:27]} Bf5 {[%emt 0:08:44]} 17. b5 {[%emt 0:04:04]} Ne7 {[%emt 0:00:00]} 18. Ne3 {[%emt 0:01:11]} Rad8 {[%emt 0:01:56]} 19. Nxf5 {[%emt 0:02:23]} Nxf5 {[%emt 0:00:07]} 20. Qf3 {[%emt 0:01:39]} e4 {[%emt 0:00:54]} 21. Rxe4 {[%emt 0:02:18]} Bxa1 {[%emt 0:01:10]} 22. Nxa1 {[%emt 0:00:14]} Qa5 {[%emt 0:02:40]} 23. Qe2 {[%emt 0:03:49]} Rxe4 {[%emt 0:00:44]} 24. Bxe4 {[%emt 0:06:54]} Nd4 {[%emt 0:00:43]} 25. Qb2 {[%emt 0:01:54]} Qe1+ {[%emt 0:01:02]} 26. Kg2 {[%emt 0:00:39]} Ne2 {[%emt 0:02:07]} 27. Nb3 {[%emt 0:03:20]} b6 {[%emt 0:07:08]} 28. Nd2 {[%emt 0:04:56]} Qg1+ {[%emt 0:01:08]} 29. Kh3 {[%emt 0:01:04]} Qxf2 {[%emt 0:00:07]} 30. a4 {[%emt 0:09:51]} Ng1+ {[%emt 0:01:12]} 31. Kh4 {[%emt 0:01:45]} Qxh2+ {[%emt 0:00:05]} 32. Kg4 {[%emt 0:00:37]} Qh5+ {[%emt 0:00:04]} 33. Kf4 {[%emt 0:00:14]} Qg5# {[%emt 0:00:02]} 0-1